000 00497nam a2200169Ia 4500
008 090711s9999 xx 000 0 und d
082 _b40548
100 _aआठल्ये अ. त्र्यं.
245 _aसुप्रभात
260 _c1979
300 _a153
600 _aआठल्ये अ. त्र्यं.
630 _aसुप्रभात
700 _aआठल्ये अ. त्र्यं.
730 _aसुप्रभात
942 _cBOOK
999 _c293704
_d293704